000 01309nam a2200313 c 4500
003 BLK
005 20231117115334.0
008 180409b bul|||||r ||||||| ||bul||
010 _aKNG00108905000
020 _a954-9612-08-2
_bиздат.: Развитие
040 _aBLK
041 _aBUL
_cBUL
080 _aБългарска литература
_b821.163.2
_x-311.6
_z821.163.2-311.6
100 1 _aЗарев, Владимир Пантелеев
_eпърви автор
_gПантев, Владимир Пантелеев
_9277642
139 _aЗарев, Владимир Пантелеев
_bЗ 34
245 1 0 _aПоп Богомил и съвършенството на страха
_bРоман
_cВладимир Пантелеев Зарев.
257 _aBGR
260 София
_bРазвитие
_c1998
_fХасково : Развитие
300 _a342 с.
_c20 см
380 _aX
500 _aОфс. изд. Кн. е носител на Специална награда от Нац. конкурс Развитие, І. 1997.
653 _aисторически романи
852 _aЦб 216651
856 4 _qpdf
_u
856 4 _qpdf
_u
942 _cKNG
_n0
_01
944 _aCR
_c12.11.2003
_k30531
_lЦветелина Шанова
944 _aED
_c08.06.2011
_k
999 _c103825
_d103825